Loading...

Saundaryalahari stothram

Bibliographic Details
Main Author: Sankaracharya
Format: Printed Book
Published: Thrissur Sree Ramakrishna Math 1991
Subjects:
LEADER 00562nam a22001691a 4500
020 |c 0.00 
040 |a SSUS - Library - Kalady 
082 |a M 181.482  |b SAN/S 
100 |a Sankaracharya 
245 |a Saundaryalahari stothram  |h [Text] 
260 |a Thrissur  |b Sree Ramakrishna Math  |c 1991 
300 |a 286p. 
600 |a Philosophy Advaita 
852 |h M 181.482  |i SAN/S  |p 001149  |9 30.00  |t 0 
942 |c BK 
999 |c 40907  |d 40907 
952 |0 0  |1 0  |4 0  |6 M_181_482000000000000_SAN_S  |7 0  |9 59355  |a SSUS  |b SSUS  |d 2015-01-08  |g 30.00  |o M 181.482 SAN/S  |p 001149  |r 2015-01-08  |v 0.00  |w 2015-01-08  |y BK